Måneskin - GASOLINE Lyrics - Statistics

General Stats
  • This quiz has been taken 122 times
  • The average score is 228 of 301
Answer Stats
Hint Answer % Correct
gasoline
100%
on
99%
go
97%
a
96%
You
96%
you
96%
your
93%
Verse 2 Your
93%
do
92%
We
92%
dance
90%
gonna
89%
in
89%
at
83%
down
83%
Pre-Chorus How
83%
it
83%
three
83%
two
83%
Chorus We're
83%
Verse 1 You're
83%
but
82%
nothing
82%
one"
82%
"Four
81%
are
79%
count
79%
eyes
79%
close
78%
Daddy's
78%
night
78%
to
78%
jeans
76%
all
75%
both
75%
seventeen
75%
Silver
74%
sleeping
74%
with
74%
With
74%
hands
72%
of
72%
us
72%
kill
71%
Living
71%
that
71%
spoon
69%
hill
68%
so
67%
Standing
67%
standing
67%
Starting
67%
alone
65%
lives
64%
those
64%
using
64%
stolen
61%
fires
60%
paint
60%
red
60%
the
60%
The
60%
dress
58%
since
58%
dark
57%
is
57%
dangerous
54%
won't
53%
for
51%
take
51%
watch
51%
fuel
49%
own
49%
losing
47%
Mister
47%
still
47%
blood
44%
trust
44%
heart
43%
stone
43%
world
42%
bed
40%
golden
40%
throne
40%
waiting
40%
whole
40%
ego
39%
dust
33%
left
32%
Playing
32%
Seated
32%
Soaking
32%
wet
32%
neighbors
29%
god
28%
No matching quizzes found
Score Distribution
Percent of People with Each Score
Percentile by Number Answered
Your Score History
You have not taken this quiz